| 000 | 00552nam a2200217Ia 4500 | ||
|---|---|---|---|
| 008 | 160803s9999 xx 000 0 und d | ||
| 020 | _a9780590459976 | ||
| 100 | _aCharles, Oz | ||
| 245 | _aHow is crayon made? / | ||
| 245 | _cwritten and photographed by Oz Charles. | ||
| 260 | _aNew York : | ||
| 260 | _bScholastic Inc. | ||
| 260 | _c1988 | ||
| 300 | _a32 unnumbered pages : | ||
| 300 | _bcolor illustrations ; | ||
| 300 | _c22 cm | ||
| 650 | _aCrayons -- | ||
| 650 | _aCrayons. | ||
| 650 | _xJuvenile literature. | ||
| 700 | _a970 | ||
| 999 |
_c298215 _d298215 |
||